000 00596nam a2200193Ia 4500
003 IN-BaIIA
008 211028s9999 xx 000 0 eng d
020 _a0-8053-8752-8
040 _cIIA Library
080 _a533
_bICH
100 _aIchimaru, S.,
_910679
245 0 _aBasic principles of plasma physics
_ba statistical approach
_cS. Ichimaru
260 _aReading
_bW. A. Benjamin
_c1973
300 _axviii, 324p.
650 _aAstronomy and astrophysics thesaurus
650 _aPlasma physics
_93732
650 _aPlasmas
_91898
942 _cBK
999 _c6202
_d6202